<?xml version="1.0" encoding="UTF-8"?>
<collection xmlns="http://www.loc.gov/MARC21/slim">
 <record>
  <leader>04292nam a2200625Ii 4500</leader>
  <controlfield tag="001">000697308</controlfield>
  <controlfield tag="003">UtOrBLW</controlfield>
  <controlfield tag="005">20230310212439.0</controlfield>
  <controlfield tag="005">20210819102157.0</controlfield>
  <controlfield tag="006">m     o  d</controlfield>
  <controlfield tag="007">cr un|||||||||</controlfield>
  <controlfield tag="008">210831t20212021enk     ob    001 0 eng d</controlfield>
  <datafield tag="STA" ind1=" " ind2=" ">
   <subfield code="a">NEZPRACOVANÝ IMPORT</subfield>
  </datafield>
  <datafield tag="020" ind1=" " ind2=" ">
   <subfield code="a">9781800718357</subfield>
   <subfield code="q">(e-book)</subfield>
  </datafield>
  <datafield tag="040" ind1=" " ind2=" ">
   <subfield code="a">UtOrBLW</subfield>
   <subfield code="b">eng</subfield>
   <subfield code="e">rda</subfield>
   <subfield code="c">UtOrBLW</subfield>
  </datafield>
  <datafield tag="050" ind1=" " ind2="4">
   <subfield code="a">HD58</subfield>
   <subfield code="b">.P74 2021</subfield>
  </datafield>
  <datafield tag="072" ind1=" " ind2="7">
   <subfield code="a">BUS020000</subfield>
   <subfield code="2">bisacsh</subfield>
  </datafield>
  <datafield tag="072" ind1=" " ind2="7">
   <subfield code="a">KJD</subfield>
   <subfield code="2">bicssc</subfield>
  </datafield>
  <datafield tag="080" ind1=" " ind2=" ">
   <subfield code="a">658</subfield>
  </datafield>
  <datafield tag="082" ind1="0" ind2="4">
   <subfield code="a">658</subfield>
   <subfield code="2">23</subfield>
  </datafield>
  <datafield tag="100" ind1="1" ind2=" ">
   <subfield code="a">Press, Joseph,</subfield>
   <subfield code="e">author.</subfield>
  </datafield>
  <datafield tag="245" ind1="1" ind2="0">
   <subfield code="a">IDeaLs (innovation and design as leadership) /</subfield>
   <subfield code="c">Joseph Press (Parsons School of Design, USA), Paola Bellis (Politecnico di Milano, Italy), Tommaso Buganza (Politecnico di Milano, Italy), Silvia Magnanini (Politecnico di Milano, Italy), Daniel Trabucchi (Politecnico di Milano, Italy), Abraham B. (Rami) Shani (California Polytechnic State University, USA), Roberto Verganti (Stockholm School of Economics, Sweden), Federico Paolo Zasa (Politecnico di Milano, Italy).</subfield>
  </datafield>
  <datafield tag="264" ind1=" " ind2="1">
   <subfield code="a">Bingley, U.K. :</subfield>
   <subfield code="b">Emerald Publishing Limited,</subfield>
   <subfield code="c">2021.</subfield>
  </datafield>
  <datafield tag="264" ind1=" " ind2="4">
   <subfield code="c">©2021</subfield>
  </datafield>
  <datafield tag="300" ind1=" " ind2=" ">
   <subfield code="a">1 online resource (344 pages)</subfield>
  </datafield>
  <datafield tag="336" ind1=" " ind2=" ">
   <subfield code="a">text</subfield>
   <subfield code="b">txt</subfield>
   <subfield code="2">rdacontent</subfield>
  </datafield>
  <datafield tag="337" ind1=" " ind2=" ">
   <subfield code="a">computer</subfield>
   <subfield code="b">c</subfield>
   <subfield code="2">rdamedia</subfield>
  </datafield>
  <datafield tag="338" ind1=" " ind2=" ">
   <subfield code="a">online resource</subfield>
   <subfield code="b">cr</subfield>
   <subfield code="2">rdacarrier</subfield>
  </datafield>
  <datafield tag="500" ind1=" " ind2=" ">
   <subfield code="a">Includes index.</subfield>
  </datafield>
  <datafield tag="504" ind1=" " ind2=" ">
   <subfield code="a">Includes bibliographical references.</subfield>
  </datafield>
  <datafield tag="505" ind1="0" ind2=" ">
   <subfield code="a">Part I. Introducing IDeaLs -- Chapter 1. Innovation in the digital era: disruption and dilemmas -- Chapter 2. IDeaLs: transforming in the digital era -- Chapter 3. The neuroscience of engagement: insights on IDeaLs -- Chapter 4. Exploring IDeaLs: an ecotone for research -- Part II. Exploring IDeaLs -- Chapter 5. Developing the individual: Philips and Nestlé -- Chapter 6. Cultivating the collective: Sintetica and Sorgenia -- Chapter 7. Triggering transformation: Stolt Tankers and Adidas -- Part III. Envisioning IDeaLs -- Chapter 8. Research reflections -- Chapter 9. Design-driven experiences -- Chapter 10. Futures of IDeaLs.</subfield>
  </datafield>
  <datafield tag="520" ind1=" " ind2=" ">
   <subfield code="a">As society faces significant disruptions, the need for transformative innovation has never been more vital. However, this urgency is challenged in the digital era, characterized by incessant new technologies, extreme connectivity, and data transparency. Leaders seeking transformative innovation in the digital era face a new dilemma: socially orchestrating the synchronization of ideas that simultaneously encourages collective action. IDeaLs - Innovation and Design as Leadership - was established to research this conundrum. Inspired by the actual transformation journeys of multinational companies, and based on research with 7 global companies, IDeaLs explores how re-framing our traditional theories through the lens of Humanism reveals opportunities for a more integrated approach to engaging people for systemic change. To empower innovation leaders, the dimensions of IDeaLs build a scaffold for systemic awareness and conscious intent called Design-Driven Transformation. This evolving research agenda aims to examine in-depth the potency of an integrated approach, laying a foundation for more systemic ways to engage people and transform existing situations into preferred futures.</subfield>
  </datafield>
  <datafield tag="588" ind1="0" ind2=" ">
   <subfield code="a">Print version record.</subfield>
  </datafield>
  <datafield tag="655" ind1=" " ind2="7">
   <subfield code="a">elektronické knihy</subfield>
   <subfield code="7">fd186907</subfield>
   <subfield code="2">czenas</subfield>
  </datafield>
  <datafield tag="655" ind1=" " ind2="9">
   <subfield code="a">electronic books</subfield>
   <subfield code="2">eczenas</subfield>
  </datafield>
  <datafield tag="650" ind1=" " ind2="0">
   <subfield code="a">Technological innovations</subfield>
   <subfield code="x">Management.</subfield>
  </datafield>
  <datafield tag="650" ind1=" " ind2="0">
   <subfield code="a">Organizational change.</subfield>
  </datafield>
  <datafield tag="650" ind1=" " ind2="7">
   <subfield code="a">Business &amp; Economics</subfield>
   <subfield code="x">Development</subfield>
   <subfield code="x">Business Development.</subfield>
   <subfield code="2">bisacsh</subfield>
  </datafield>
  <datafield tag="650" ind1=" " ind2="7">
   <subfield code="a">Business innovation.</subfield>
   <subfield code="2">bicssc</subfield>
  </datafield>
  <datafield tag="700" ind1="1" ind2=" ">
   <subfield code="a">Bellis, Paola,</subfield>
   <subfield code="e">author.</subfield>
  </datafield>
  <datafield tag="700" ind1="1" ind2=" ">
   <subfield code="a">Buganza, Tommaso,</subfield>
   <subfield code="e">author.</subfield>
  </datafield>
  <datafield tag="700" ind1="1" ind2=" ">
   <subfield code="a">Magnanini, Silvia,</subfield>
   <subfield code="e">author.</subfield>
  </datafield>
  <datafield tag="700" ind1="1" ind2=" ">
   <subfield code="a">Trabucchi, Daniel,</subfield>
   <subfield code="e">author.</subfield>
  </datafield>
  <datafield tag="700" ind1="1" ind2=" ">
   <subfield code="a">Shani, Abraham B. (Rami),</subfield>
   <subfield code="e">author.</subfield>
  </datafield>
  <datafield tag="700" ind1="1" ind2=" ">
   <subfield code="a">Verganti, Roberto,</subfield>
   <subfield code="e">author.</subfield>
  </datafield>
  <datafield tag="700" ind1="1" ind2=" ">
   <subfield code="a">Zasa, Federico Paolo,</subfield>
   <subfield code="e">author.</subfield>
  </datafield>
  <datafield tag="776" ind1="0" ind2="8">
   <subfield code="i">Print version:</subfield>
   <subfield code="z">9781800718340</subfield>
  </datafield>
  <datafield tag="776" ind1="0" ind2="8">
   <subfield code="i">PDF version:</subfield>
   <subfield code="z">9781800718333</subfield>
  </datafield>
  <datafield tag="856" ind1="4" ind2="2">
   <subfield code="u">https://knihovna.vse.cz/zdroje/emerald-ebooks/</subfield>
   <subfield code="y">Informace o práci s e-knihami</subfield>
  </datafield>
  <datafield tag="856" ind1="4" ind2="0">
   <subfield code="u">https://zdroje.vse.cz/login?url=https://doi.org/10.1108/9781800718333</subfield>
   <subfield code="y">Plný text</subfield>
  </datafield>
  <datafield tag="BAS" ind1=" " ind2=" ">
   <subfield code="a">EMERALD</subfield>
  </datafield>
  <datafield tag="BAS" ind1=" " ind2=" ">
   <subfield code="a">EB</subfield>
  </datafield>
  <datafield tag="993" ind1=" " ind2=" ">
   <subfield code="x">NEPOSILAT</subfield>
   <subfield code="y">EB</subfield>
  </datafield>
 </record>
</collection>
